La economía ecuatoriana: durante los gobiernos Roldos-Hurtado, Hurtado-Roldos, 1979-1982 /
El análisis aborda exhaustivamente la evolución de la economía ecuatoriana durante los períodos de gobierno de Roldós-Hurtado y Hurtado-Roldós entre 1979 y 1982, profundizando en los aspectos económicos, políticos y sociales que marcaron esta etapa. Se examinan detalladamente las políticas económica...
Сохранить в:
| Соавтор: | |
|---|---|
| Формат: | Неизвестно |
| Язык: | Spanish |
| Опубликовано: |
Ecuador :
Instituto de Investigaciones Económicas
|
| Предметы: | |
| Метки: |
Добавить метку
Нет меток, Требуется 1-ая метка записи!
|
MARC
| LEADER | 00000 a2200000 04500 | ||
|---|---|---|---|
| 001 | 49025 | ||
| 003 | cru CIDCACS/IIS | ||
| 005 | 20230902201356.0 | ||
| 008 | 050604s1982 ec spa d | ||
| 040 | |c CRAI/IIS |a CRAI/IIS | ||
| 090 | |a 03.02.01 I59e | ||
| 110 | |a Universidad Central del Ecuador. |b Instituto de Investigaciones Económicas | ||
| 245 | |a La economía ecuatoriana: |b durante los gobiernos Roldos-Hurtado, Hurtado-Roldos, 1979-1982 / |c Instituto de Investigaciones Económicas | ||
| 260 | |a Ecuador : |b Instituto de Investigaciones Económicas | ||
| 300 | |a 173 páginas : |b tablas | ||
| 520 | |a El análisis aborda exhaustivamente la evolución de la economía ecuatoriana durante los períodos de gobierno de Roldós-Hurtado y Hurtado-Roldós entre 1979 y 1982, profundizando en los aspectos económicos, políticos y sociales que marcaron esta etapa. Se examinan detalladamente las políticas económicas implementadas, las medidas adoptadas y las estrategias de desarrollo que influyeron en el rumbo económico del país. El texto proporciona una panorámica completa de cómo estos elementos se entrelazaron y contribuyeron a configurar la dinámica socioeconómica y política de ese período histórico, ofreciendo una valiosa visión retrospectiva de la evolución y desafíos de la economía ecuatoriana en esa década. RAR 01/2023 | ||
| 650 | 4 | |2 UNESCO |9 5915 |a HISTORIA ECONOMICA | |
| 650 | 4 | |2 UNESCO |9 2655 |a POLITICA ECONOMICA | |
| 942 | |2 ddc |c LI | ||
| 999 | |c 14542 |d 14542 | ||
